000 01112nam a2200313 4500
001 20843
003 HDC
007 cr bn ---aaaaa
008 210208c20200703my dr|noo 0 a eng d
040 _aHDC
100 _aAlzahrin Alias,
_eauthor
_97606
245 0 _aSasar negara jadi hab halal farmaseutikal /
_cAlzahrin Alias
260 _aKuala Lumpur :
_bThe New Straits Times Press (M) Bhd.,
_c2020
336 _atext
_2rdacontent
337 _acomputer
_2rdamedia
338 _aonline resource
_2rdacarrier
610 _aHalal Development Corporation
_95892
650 _aEntrepreneur ship
_918691
650 _aFood industry and trade.
_9140
650 _aFood.
_xReligious aspects
_xIslam
_9239
650 _aGlobal maritime halal hub
_95874
650 _aMuslim
_xDietary laws
_96006
650 _aSmall business
_9208
710 _aBerita Harian,
_eissuing body
856 _zRequest full-text at [email protected]
942 _2lcc
942 _cNEWS
942 _kNWSC 006484
999 _c18159
_d18159